000 00653nam a2200205Ia 4500
005 20250508165728.0
008 008 250505s9999 xx 000 0 eng d
020 _a978-93-505-0623-2
037 _aTextual
040 _aFEDL
_beng
_cFEDL
041 _aeng
_2eng
084 _a323.154, GOR
_qFEDL
100 _aGorringe Hugo and others Ed.
_9781733
245 0 _aFrom the margins to the mainstream: Institutionalising minorities in South Asia
260 _aNew Delhi, India
_bSage Publications India Pvt. Ltd.
_c2016
300 _axxxvi, 294p.
365 _aINR
_b950
942 _cTEXL
_h323.154, GOR
999 _c1397095
_d1397095